书目信息 |
| 题名: |
架子工
|
|
| 作者: | 崔炳东 , 罗雷 编 | |
| 分册: | ||
| 出版信息: | 重庆 重庆大学出版社 2007.04 |
|
| 页数: | 107页 | |
| 开本: | 19m | |
| 丛书名: | 进城务工实用知识与技能丛书 | |
| 单 册: | ||
| 中图分类: | TU731.2 | |
| 科图分类: | ||
| 主题词: | 脚手架--jiao shou jia--工程施工--基本知识 | |
| 电子资源: | ||
| ISBN: | 978-7-5624-4059-8 | |
| 000 | 01081nam 2200265 450 | |
| 001 | 012008142389 | |
| 005 | 20100816161222.17 | |
| 010 | @a978-7-5624-4059-8@dCNY5.00 | |
| 100 | @a20100515d2007 em y0chiy0120 ea | |
| 101 | 0 | @achi |
| 102 | @aCN@b500000 | |
| 105 | @aa a 000yy | |
| 200 | 1 | @a架子工@Ajia zi gong@f崔炳东, 罗雷编@Fcui bing dong,luo lei bian |
| 210 | @a重庆@c重庆大学出版社@d2007.04 | |
| 215 | @a107页@c图@d19m | |
| 225 | 2 | @a进城务工实用知识与技能丛书@Ajin cheng wu gong shi yong zhi shi yu ji neng cong shu@i建筑工系列 |
| 320 | @a有书目 | |
| 330 | @a本书是建筑工系列之一,有10个任务,主要内容包括搭设脚手架的材料及搭设工具,常见脚手架(扣件式钢管脚手架、门式钢管脚手架、碗扣式钢管脚手架、不落地脚手架等)的构造组成、搭设要点及注意事项,脚手架的检查维修、安全管理及安全操作技术规程等。 | |
| 410 | 0 | @12001 @a进城务工实用知识与技能丛书@i建筑工系列 |
| 606 | 0 | @a脚手架@Ajiao shou jia@x工程施工@x基本知识 |
| 690 | @aTU731.2@v4 | |
| 701 | 0 | @a崔炳东@Acui bing dong@4编 |
| 701 | 0 | @a罗雷@Aluo lei@4编 |
| 801 | 0 | @aCN@c20100515 |
| 905 | @dTU731.2@eC966@f3 | |
| 架子工/崔炳东, 罗雷编.-重庆:重庆大学出版社,2007.04 |
| 107页:图;19m.-(进城务工实用知识与技能丛书.建筑工系列) |
| ISBN 978-7-5624-4059-8:CNY5.00 |
| 本书是建筑工系列之一,有10个任务,主要内容包括搭设脚手架的材料及搭设工具,常见脚手架(扣件式钢管脚手架、门式钢管脚手架、碗扣式钢管脚手架、不落地脚手架等)的构造组成、搭设要点及注意事项,脚手架的检查维修、安全管理及安全操作技术规程等。 |
| ● |
| 相关链接 |
|
|
|
正题名:架子工
索取号:TU731.2/C966
 
预约/预借
| 序号 | 登录号 | 条形码 | 馆藏地/架位号 | 状态 | 备注 |
| 1 | 1030938 | 210309389 | 建筑库201/201建筑库 41排6列4层/ [索取号:TU731.2/C966] | 在馆 | |
| 2 | 1030939 | 210309398 | 建筑库201/201建筑库 107排3列3层/ [索取号:TU731.2/C966] | 在馆 | |
| 3 | 1030940 | 210309405 | 土木与交通工程学院资料室/土木与交通学院资料室 1排1列1层/ [索取号:TU731.2/C966] | 在馆 |